Inteligencia: la respuesta creativa al ahora
Gespeichert in:
| 1. Verfasser: | |
|---|---|
| Format: | Buch |
| Sprache: | Spanisch |
| Veröffentlicht: |
Buenos Aires
Debolsillo
2011
|
| Ausgabe: | 4a. ed |
| Schriftenreihe: | Obras Diversas
|
| Schlagworte: | |
| Tags: |
Tag hinzufügen
Keine Tags, Fügen Sie den ersten Tag hinzu!
|
MARC
| LEADER | 00000nam a2200000 a 4500 | ||
|---|---|---|---|
| 001 | UCG6706 | ||
| 003 | CL-VaPUC | ||
| 008 | 110512e20110200AG |||||||||||||||||spa|d | ||
| 020 | |a 9789875664180 | ||
| 082 | 0 | 4 | |a 181 |b OSH |2 21 |
| 100 | |a Osho |e autor |9 595157 | ||
| 245 | 1 | 0 | |a Inteligencia: la respuesta creativa al ahora |
| 250 | |a 4a. ed | ||
| 300 | |a 200 p | ||
| 942 | |c BK | ||
| 945 | |d 20110512 00:00:00 |a jcampos | ||
| 260 | |a Buenos Aires |b Debolsillo |c 2011 | ||
| 650 | 0 | |a Filosofía oriental |9 319113 | |
| 650 | 7 | |a FILOSOFIA INDIA |2 CL-VaPUC |9 557043 | |
| 650 | 0 | |a Vida espiritual |9 307811 | |
| 650 | 0 | |a Autoayuda |9 317869 | |
| 583 | |a last modification |c 20110512 00:00:00 |k Rodrigo Vera | ||
| 490 | 0 | |a Obras Diversas | |
| 999 | |c 344857 |d 344855 | ||
| 952 | |0 0 |1 0 |4 0 |6 181_000000000000000_OSH_2011 |7 0 |8 C |9 443180 |a BIBCUR |b BIBCUR |d 2019-11-22 |i 4776178 |l 2 |o 181 OSH 2011 |p 4776178 |r 2025-04-22 |s 2025-01-06 |w 2019-11-22 |y BK |k CAC | ||